Normal view
MARC view
- Interior decoration. Decoración interior
Entry Topical Term
001 - CONTROL NUMBER
- control field: 89393
003 - CONTROL NUMBER IDENTIFIER
- control field: NUST
005 - DATE AND TIME OF LATEST TRANSACTION
- control field: 20220223105649.0
008 - FIXED-LENGTH DATA ELEMENTS
- fixed length control field: 220223|| aca||aabn | a|a d
040 ## - CATALOGING SOURCE
- Original cataloging agency: NUST
- Transcribing agency: NUST
150 ## - HEADING--TOPICAL TERM
- Topical term or geographic name entry element: Interior decoration. Decoración interior
670 ## - SOURCE DATA FOUND
- Source citation: Work cat.: (NUST)587829: Haro, Fernando De 88979, Interiors: , 2011.
